000 00214nam a2200097Ia 4500
008 220204s9999 xx 000 0 und d
082 _a82-3
_bKAY
100 _aKaye, M M
245 0 _aShadow of the moon
942 _cBK
999 _c38765
_d38765